[Event "Mechanics' Alan Benson TNM; G/2"]
[Site "San Francisco"]
[Date "2016.08.09"]
[Round "2.1"]
[White "Askin, David Benja"]
[Black "Winslow, Elliott C"]
[Result "1/2-1/2"]
[WhiteElo "1958"]
[BlackElo "2321"]
[Annotator "Winslow"]
[PlyCount "68"]
[EventDate "2016.??.??"]

1. d4 g6 2. c4 Nf6 3. Nc3 Bg7 4. e4 d6 5. f4 O-O 6. Nf3 c5 7. d5 e6 8. Be2 exd5
9. cxd5 Bg4 10. O-O Nbd7 11. a4 Re8 12. Qc2 a6 13. Re1 Rc8 14. Bd2 c4 15. h3
Bxf3 16. Bxf3 b5 17. axb5 axb5 18. Be3 Nc5 19. Bxc5 Rxc5 20. e5 dxe5 21. fxe5 {
Diagram (#)} Nxd5 (21... Nd7 22. e6 fxe6 23. Qf2 Rc8 24. Rxe6 b4 $15) 22. Nxd5
Rxd5 23. Bxd5 Qxd5 24. Rad1 Qc5+ 25. Kh1 Bxe5 26. Qe4 f6 27. Rd5 Qb6 28. Rd7
Qf2 29. Red1 Qg3 30. Kg1 Kh8 31. Qd5 Qe3+ 32. Kh1 Qg3 33. Kg1 Qe3+ 34. Kh1 Qg3
1/2-1/2

[Event "Mechanics' Fall TNM; G/2"]
[Site "San Francisco"]
[Date "2016.10.25"]
[Round "2.1"]
[White "Askin, David Benja"]
[Black "Winslow, Elliott C"]
[Result "1-0"]
[WhiteElo "1942"]
[BlackElo "2314"]
[Annotator "Donaldson"]
[PlyCount "111"]
[EventDate "2016.??.??"]

1. d4 Nf6 2. c4 e6 3. Nc3 c5 4. d5 exd5 5. cxd5 d6 6. e4 g6 7. f3 Bg7 8. Nge2
a6 9. a4 Nbd7 10. Be3 O-O 11. Ng3 h5 12. Be2 h4 13. Nf1 Nh7 14. Qd2 Re8 15. h3
f5 16. Bh6 Bd4 17. Be3 Qf6 18. Rd1 Bxc3 19. bxc3 fxe4 20. f4 Nb6 21. a5 Na4 22.
Rc1 Qd8 23. c4 Qf6 24. Nh2 Nb2 25. O-O Nd3 26. Bxd3 exd3 27. Qxd3 Bf5 28. Qd2
Re4 29. Nf3 Rae8 30. Bf2 Re2 31. Qc3 Qxc3 32. Rxc3 Ra2 33. Bxh4 Rxa5 34. g4 Bd7
35. Re1 b5 36. Rxe8+ Bxe8 37. Be7 Ra1+ 38. Kf2 Ra2+ 39. Ke1 b4 40. Re3 Ba4 41.
Bxd6 b3 42. Be5 (42. Bxc5 b2 43. Nd2) 42... b2 43. Bxb2 Rxb2 44. Re6 Rb1+ 45.
Kf2 Bc2 46. Rxa6 Bd3 47. Ne5 Rb3 48. Ra8+ Kg7 49. d6 Nf6 50. d7 Ne4+ (50...
Nxd7 51. Ra7 $1) 51. Kg2 Rb2+ 52. Kf3 Bf1 53. Kxe4 Bg2+ 54. Ke3 Rb3+ 55. Kf2
Bxa8 56. d8=Q {Black lost on time.} 1-0

[Event "Mechanics' Summer TNM; G/2"]
[Site "San Francisco"]
[Date "2016.07.12"]
[Round "8.8"]
[White "Askin, Michael"]
[Black "O'Connor, Derek"]
[Result "0-1"]
[WhiteElo "2037"]
[BlackElo "1851"]
[PlyCount "80"]
[EventDate "2016.??.??"]

1. d4 d5 2. c4 c6 3. Nf3 Nf6 4. Nc3 e6 5. Bg5 h6 6. Bh4 g5 7. Bg3 dxc4 8. e4 b5
9. Be2 Bb7 10. O-O Nbd7 11. Ne5 Nxe5 12. Bxe5 Rg8 13. Qc2 Nd7 14. Bg3 Qb6 15.
a4 a6 16. d5 Bc5 17. dxe6 fxe6 18. Bh5+ Ke7 19. a5 Qa7 20. e5 Rg7 21. Rad1 Bd4
22. Qd2 c5 23. Ne2 Bd5 24. Nxd4 cxd4 25. Kh1 Nc5 26. Qb4 Kf8 27. f4 Kg8 28. f5
exf5 29. Rxf5 Ne4 30. Rdf1 Qe7 31. Qe1 d3 32. Bf3 Nxg3+ 33. hxg3 Bxf3 34. R1xf3
Rd8 35. Qd2 b4 36. Qd1 d2 37. Rf6 Qxe5 38. Rf1 Re7 39. Qh5 Qxf6 40. Rxf6 d1=Q+
0-1

[Event "Mechanics' Fall TNM; G/2"]
[Site "San Francisco"]
[Date "2016.11.22"]
[Round "6.3"]
[White "Askin, Michael"]
[Black "Shakhnazarov, Oleg"]
[Result "1-0"]
[WhiteElo "2039"]
[BlackElo "2150"]
[Annotator "Donaldson"]
[PlyCount "77"]
[EventDate "2016.??.??"]

1. d4 e6 2. Nf3 Be7 3. c4 d6 4. Nc3 g5 5. b3 g4 6. Nd2 Nd7 7. Bb2 c6 8. e3 h5
9. h3 gxh3 10. Rxh3 Ndf6 11. Qc2 d5 12. Be2 Bd6 13. Rh1 Ne7 14. O-O-O Ng6 15.
e4 dxe4 16. Ndxe4 h4 17. Nxf6+ Qxf6 18. Ne4 Bf4+ 19. Kb1 Qe7 20. d5 exd5 {
Diagram [#]} (20... exd5 21. Bf6 Qc7 22. Bxh8 dxe4 23. Qxe4+) 21. Bf6 $1 (21.
Bxh8 dxe4) 21... Bf5 22. Bxe7 Nxe7 23. Nf6+ Kf8 24. Bd3 Be6 25. g3 Be5 26. Nh7+
Rxh7 27. Bxh7 hxg3 28. fxg3 dxc4 29. Rde1 cxb3 30. axb3 Bg7 31. Rxe6 fxe6 32.
Rf1+ Ke8 33. Bg6+ Kd7 34. Rf7 Bd4 35. Qd2 e5 36. Qg5 Bc5 37. Qxe5 b6 38. Bf5+
Ke8 39. Qg7 1-0

[Event "Mechanics' Summer TNM; G/2"]
[Site "San Francisco"]
[Date "2016.07.05"]
[Round "7.5"]
[White "Askin, Michael"]
[Black "Traub, Igor Vladim"]
[Result "1/2-1/2"]
[WhiteElo "2037"]
[BlackElo "2136"]
[Annotator "Donaldson"]
[PlyCount "90"]
[EventDate "2016.??.??"]

1. d4 Nf6 2. Nf3 g6 3. c4 d6 4. Nc3 Bg7 5. e4 Nbd7 6. Be2 O-O 7. O-O h6 (7...
e5) 8. Ne1 e5 9. d5 Nc5 10. f3 a5 11. Be3 b6 12. a3 Nh5 13. Nd3 f5 14. exf5
gxf5 15. f4 Nxd3 16. Bxd3 Nxf4 17. Bxf4 exf4 18. Rxf4 Qg5 19. Rf3 Bd7 20. Qc1
f4 21. Ne2 Be5 22. h3 Rf7 23. Qd2 c6 24. Be4 c5 25. Raf1 b5 26. b4 cxb4 27.
axb4 a4 28. c5 a3 29. Qa2 Bb2 30. Nxf4 Raf8 31. Ne6 Rxf3 32. Bxf3 Qe3+ 33. Kh1
Rf6 34. c6 Bc8 35. c7 Qc3 36. Qb1 Bxe6 37. dxe6 Qxc7 38. Bd5 Kf8 39. Rxf6+ Bxf6
40. Qf5 Qc1+ 41. Kh2 Qg5 42. e7+ Kxe7 43. Qe6+ Kd8 44. Qxd6+ Ke8 45. Qe6+ Kd8
1/2-1/2

[Event "Mechanics' Fall TNM; G/2"]
[Site "San Francisco"]
[Date "2016.11.01"]
[Round "3.19"]
[White "Askin, Michael Chr"]
[Black "Bannan, Frank"]
[Result "1-0"]
[WhiteElo "2039"]
[BlackElo "1907"]
[Annotator "Donaldson"]
[PlyCount "115"]
[EventDate "2016.??.??"]

1. d4 Nf6 2. Nf3 c5 3. g3 g6 4. Bg2 Bg7 5. O-O cxd4 6. Nxd4 O-O 7. c4 Nc6 8.
Nc3 a6 $2 9. Nxc6 (9. c5 $1) 9... dxc6 10. Qb3 Qc7 11. Be3 Nd7 12. Rfd1 Rb8 13.
Ba7 Ra8 14. Bd4 e5 15. Be3 Rb8 16. Ne4 b6 17. c5 bxc5 18. Qc2 c4 19. Nd6 Nb6
20. Qe4 Nd5 21. Bc5 Rd8 22. Nxc4 Bf5 23. Qf3 e4 24. Qa3 Bf8 25. Bxf8 Rxf8 26.
Rac1 Bg4 27. Rd2 Bf5 28. Nd6 e3 29. Rxd5 exf2+ 30. Kf1 Qd7 31. Rdd1 Bh3 32. Ne4
Bxg2+ 33. Kxg2 Qe6 34. Qf3 f5 35. Rd6 f1=Q+ 36. Rxf1 Qxe4 37. Qxe4 fxe4 38.
Rxf8+ Kxf8 39. b3 Rb6 40. Re6 Kf7 41. Rxe4 a5 42. Re5 Ra6 43. Rc5 Ke6 44. Kf3
Kd6 45. Rc4 c5 46. Ra4 Ra7 47. Ke4 Re7+ 48. Kd3 Kc6 49. Re4 Rd7+ 50. Kc2 Kb5
51. a4+ Kc6 52. Re6+ Kd5 53. Ra6 Rf7 54. Rxa5 Kd4 55. Kd2 Rf2 56. h4 Rg2 57.
Ra7 Rxg3 58. Rd7+ {and White went on to win. Remaining moves unavailable.} 1-0

[Event "Mechanics' Alan Benson TNM; G/2"]
[Site "San Francisco"]
[Date "2016.09.27"]
[Round "9.8"]
[White "Askin, Michael Chr"]
[Black "Bayaraa, Chinguun"]
[Result "1-0"]
[WhiteElo "2042"]
[BlackElo "2023"]
[Annotator "Donaldson"]
[PlyCount "69"]
[EventDate "2016.??.??"]

1. e4 c5 2. Nf3 d6 3. d4 cxd4 4. Nxd4 Nf6 5. Nc3 a6 6. Bg5 e6 7. f4 Be7 8. Qf3
Qc7 9. O-O-O Nbd7 10. g4 b5 11. Bxf6 Nxf6 12. g5 Nd7 13. f5 Ne5 14. Qh5 g6 15.
Qh6 Bf8 16. Qh3 Qe7 17. fxe6 fxe6 18. Qg3 Bd7 19. a3 Bg7 20. h4 O-O 21. h5 Rab8
22. hxg6 Nxg6 23. Nf3 Rb6 24. e5 Nxe5 25. Nxe5 Bxe5 26. Qg1 Rc6 27. Ne4 Qg7 28.
Bd3 Bxb2+ 29. Kb1 Bd4 30. Nf6+ Bxf6 31. Rxh7 (31. gxf6 Qxg1 32. Rdxg1+ Kf7 33.
Rxh7+ Ke8 34. Rg8 $18) 31... Qxg5 32. Qa7 Qe5 $2 (32... Rc3 33. Rg1 Rxd3 34.
Rxg5+ Bxg5 35. cxd3 Kxh7 36. Qxd7+ Kg6 37. Qxe6+ Rf6 $16) 33. Rg1+ Bg5 34. Qxd7
Rc5 {Diagram [#]} 35. Rxg5+ $1 1-0

[Event "Mechanics' Spring TNM; G/2"]
[Site "San Francisco"]
[Date "2016.04.26"]
[Round "7.11"]
[White "Askin, Michael Chr"]
[Black "Dougal, Michael Co"]
[Result "1/2-1/2"]
[WhiteElo "1984"]
[BlackElo "1801"]
[PlyCount "43"]
[EventDate "2016.??.??"]

1. d4 d5 2. c4 Bf5 3. cxd5 Bxb1 4. Rxb1 Qxd5 5. e3 Nc6 6. Bd2 e5 7. dxe5 O-O-O
8. a3 Nxe5 9. Bc3 Qe4 10. Qc1 Nd3+ 11. Bxd3 Qxg2 12. Be5 Bd6 13. Bxg7 Qxg7 14.
Nf3 Ne7 15. Qc2 h6 16. Rc1 Rhe8 17. Nd4 Qe5 18. Nb5 Kb8 19. Nxd6 cxd6 20. Qb3
Nf5 21. Qc3 Qe6 22. Qc4 1/2-1/2

[Event "Mechanics' Fall TNM; G/2"]
[Site "San Francisco"]
[Date "2016.10.18"]
[Round "1.13"]
[White "Askin, Michael Chr"]
[Black "Eastham, Asher Dan"]
[Result "1-0"]
[WhiteElo "2039"]
[BlackElo "1548"]
[Annotator "Donaldson"]
[PlyCount "51"]
[EventDate "2016.??.??"]

1. d4 d5 2. c4 e6 3. Nf3 Nf6 4. g3 Be7 5. Bg2 O-O 6. O-O dxc4 7. Ne5 c5 8. dxc5
Qc7 9. Nxc4 Qxc5 10. Nba3 (10. b3) (10. Qb3) 10... Nc6 11. Qa4 (11. Be3) 11...
Nd4 12. Be3 Nxe2+ 13. Kh1 Qh5 14. Qb5 Rd8 15. Qxh5 Nxh5 16. Bf3 Nhxg3+ 17. fxg3
Nd4 18. Bg2 Rb8 19. Rad1 Nc6 20. Rxd8+ Bxd8 21. Nd6 f6 22. Bxc6 bxc6 23. Nxc8
Rxc8 24. Nc4 a6 25. Bc5 Bc7 26. Rd1 1-0

[Event "Mechanics' Spring TNM; G/2"]
[Site "San Francisco"]
[Date "2016.04.05"]
[Round "4.5"]
[White "Askin, Michael Chr"]
[Black "Fuentes, Romulo C"]
[Result "1/2-1/2"]
[WhiteElo "1984"]
[BlackElo "2208"]
[PlyCount "85"]
[EventDate "2016.??.??"]

1. e4 c5 2. Nf3 d6 3. d4 cxd4 4. Nxd4 Nf6 5. Nc3 a6 6. Bg5 e6 7. f4 Qb6 8. Qd2
Qxb2 9. Rb1 Qa3 10. e5 dxe5 11. fxe5 Nfd7 12. Ne4 Qxa2 13. Rd1 Qd5 14. Qe3 Bc5
15. Nxe6 Bb4+ 16. c3 Qxe6 17. cxb4 O-O 18. Bf4 Qb6 19. Qxb6 Nxb6 20. Nd6 Bg4
21. Rd3 Nc6 22. Rg3 Bh5 23. Be2 Nd5 24. Bxh5 Nxf4 25. Bxf7+ Kh8 26. Rf1 Ng6 27.
Bxg6 Rxf1+ 28. Kxf1 hxg6 29. e6 Kg8 30. Rxg6 Ne7 31. Rg4 Rf8+ 32. Ke2 Rf6 33.
Re4 b5 34. g4 g5 35. Re5 Kf8 36. Nf5 Ke8 37. Nxe7 Kxe7 38. Rxg5 Rf4 39. h4 Kxe6
40. Rg6+ Ke5 41. Rxa6 Rxg4 42. Rb6 Rxb4 43. h5 1/2-1/2

[Event "Mechanics' Alan Benson TNM; G/2"]
[Site "San Francisco"]
[Date "2016.08.09"]
[Round "2.11"]
[White "Askin, Michael Chr"]
[Black "Newey, Richard"]
[Result "1-0"]
[WhiteElo "2042"]
[BlackElo "1773"]
[PlyCount "37"]
[EventDate "2016.??.??"]

1. d4 Nf6 2. Nf3 d5 3. c4 dxc4 4. e3 a6 5. Bxc4 e6 6. O-O b5 7. Bb3 Bb7 8. Qe2
Nbd7 9. Rd1 Rc8 10. a4 b4 11. a5 Bc6 12. Qxa6 Bxf3 13. gxf3 c5 14. dxc5 Rxc5
15. e4 Rh5 16. Bf4 Bc5 17. Bd6 Bxd6 18. Qxd6 Rxa5 19. Ba4 1-0

[Event "Mechanics' Alan Benson TNM; G/2"]
[Site "San Francisco"]
[Date "2016.08.30"]
[Round "5.7"]
[White "Askin, Michael Chr"]
[Black "Porlares, Teodoro"]
[Result "1-0"]
[WhiteElo "2042"]
[BlackElo "1767"]
[PlyCount "85"]
[EventDate "2016.??.??"]

1. e4 c6 2. d4 d5 3. e5 Bf5 4. Nf3 e6 5. Be2 Nd7 6. O-O h6 7. a4 a5 8. Nbd2 Ne7
9. Nb3 Ng6 10. Be3 Nh4 11. Nxh4 Qxh4 12. f4 Qd8 13. g4 Bh7 14. f5 Qc7 15. Bd3
O-O-O 16. fxe6 fxe6 17. Bxh7 Rxh7 18. Qd3 Rh8 19. Qg6 c5 20. Qxe6 c4 21. Nc1
Qc6 22. Qxc6+ bxc6 23. Bd2 Bb4 24. Bxb4 axb4 25. Ne2 Rhf8 26. Nf4 Rde8 27. Ng6
Rg8 28. Rf7 Kd8 29. a5 Re6 30. Nf4 Re7 31. Rxe7 Kxe7 32. a6 g5 33. Nh5 c5 34.
Nf6 Nxf6 35. exf6+ Kxf6 36. a7 Ra8 37. Ra6+ Kg7 38. dxc5 d4 39. Kf2 b3 40. cxb3
c3 41. bxc3 dxc3 42. Ke2 c2 43. Kd2 1-0

[Event "Mechanics' Spring TNM; G/2"]
[Site "San Francisco"]
[Date "2016.05.03"]
[Round "8.11"]
[White "Askin, Michael Chr"]
[Black "Porlares, Teodoro"]
[Result "1-0"]
[WhiteElo "1984"]
[BlackElo "1852"]
[PlyCount "57"]
[EventDate "2016.??.??"]

1. e4 c6 2. d4 d5 3. e5 Bf5 4. Nf3 e6 5. Be2 c5 6. O-O Nd7 7. Be3 Rc8 8. c4
dxc4 9. Na3 cxd4 10. Nxd4 Bxa3 11. Nxf5 exf5 12. bxa3 Nxe5 13. Bd4 f6 14. Re1
Ne7 15. f4 Nd3 16. Qa4+ Rc6 17. Bxd3 Qxd4+ 18. Kh1 Qxd3 19. Rad1 Qc3 20. Qxa7
Kf7 21. Rxe7+ Kg6 22. Qf2 Qxa3 23. Re3 Qf8 24. Rd7 h5 25. Qg3+ Kh6 {Diagram [#]
} 26. Re8 $1 g6 27. Rxf8 Rxf8 28. Qe3 c3 29. Qe7 1-0

[Event "Mechanics' Alan Benson TNM; G/2"]
[Site "San Francisco"]
[Date "2016.09.13"]
[Round "7.8"]
[White "Askin, Michael Chr"]
[Black "Sevall, Jacob Came"]
[Result "1/2-1/2"]
[WhiteElo "2042"]
[BlackElo "2115"]
[PlyCount "43"]
[EventDate "2016.??.??"]

1. d4 b6 2. e4 Bb7 3. Nc3 e6 4. Bd3 Bb4 5. Nf3 Nf6 6. Qe2 d5 7. e5 Ne4 8. O-O
Nxc3 9. bxc3 Bxc3 10. Rb1 Nc6 11. Ba3 a5 12. Bb5 Qd7 13. Rfc1 Bb4 14. Bb2 O-O
15. c4 Qe7 16. cxd5 Na7 17. Bc6 Bxc6 18. dxc6 Rfd8 19. Qe3 Qe8 20. Ng5 h6 21.
Ne4 Rd5 22. Qg3 1/2-1/2

[Event "Mechanics' Fall TNM; G/2"]
[Site "San Francisco"]
[Date "2016.12.06"]
[Round "8.5"]
[White "Askin, Michael Chr"]
[Black "Yang, Eric"]
[Result "1-0"]
[WhiteElo "2039"]
[BlackElo "1851"]
[PlyCount "79"]
[EventDate "2016.??.??"]

1. d4 Nf6 2. c4 g6 3. Nc3 Bg7 4. e4 d6 5. Nf3 O-O 6. Be2 e5 7. O-O Nc6 8. d5
Ne7 9. b4 Nd7 10. a4 h6 11. a5 f5 12. Nd2 Rf7 13. c5 dxc5 14. bxc5 Nxc5 15. Bc4
Kf8 16. Ba3 b6 17. axb6 cxb6 18. Bxc5 bxc5 19. d6 Qxd6 20. Bxf7 Kxf7 21. Nc4
Qc6 22. Nd6+ Kg8 23. Nxc8 Nxc8 24. Qd8+ Kh7 25. Rfd1 Nb6 26. Qe7 Nc8 27. Qf7
Nd6 28. Qe6 Bf8 29. exf5 gxf5 30. Nd5 Qc8 31. Nf6+ Kg7 32. Nh5+ Kh7 33. Nf6+
Kg7 34. Qxe5 Nf7 35. Nh5+ Kh7 36. Qf6 Ng5 37. h4 Qe8 38. hxg5 Qxh5 39. Rd7+ Kg8
40. g6 1-0

[Event "Mechanics' Winter TNM; G/2"]
[Site "San Francisco"]
[Date "2016.01.26"]
[Round "4.7"]
[White "Askin, Michael Christopher"]
[Black "Houshdaran, Soheil"]
[Result "1-0"]
[WhiteElo "2053"]
[BlackElo "1829"]
[PlyCount "57"]
[EventDate "2016.??.??"]

1. d4 Nf6 2. Nf3 g6 3. c4 Bg7 4. Nc3 O-O 5. e4 d6 6. Be2 c5 7. O-O cxd4 8. Nxd4
Nc6 9. Nxc6 bxc6 10. Be3 Be6 11. f4 Qa5 12. Qc2 Qb4 13. a3 Qb7 14. f5 Bd7 15.
c5 Rfb8 16. b4 a5 17. Rab1 axb4 18. Rxb4 Qc8 19. Na4 Qe8 20. g4 Rxb4 21. axb4
Nxe4 22. Nb6 d5 23. Nxa8 Qxa8 24. Bd3 Qa3 25. Kh1 Be5 26. Bh6 Qxb4 27. Bxe4
Qxe4+ 28. Qxe4 dxe4 29. Rd1 1-0

[Event "Mechanics' Winter TNM; G/2"]
[Site "San Francisco"]
[Date "2016.01.12"]
[Round "2.9"]
[White "Askin, Michael Christopher"]
[Black "Newey, Richard H"]
[Result "1/2-1/2"]
[WhiteElo "2053"]
[BlackElo "1819"]
[PlyCount "54"]
[EventDate "2016.??.??"]

1. d4 d5 2. c4 e6 3. Nf3 Nf6 4. g3 c5 5. Bg2 cxd4 6. O-O dxc4 7. Qxd4 Qd5 8.
Qh4 Qe4 9. Qxe4 Nxe4 10. Ne5 Nd6 11. Na3 Be7 12. Naxc4 Nxc4 13. Nxc4 Nc6 14.
Bf4 O-O 15. Nd6 Rd8 16. Rfd1 e5 17. Nxc8 exf4 18. Rxd8+ Bxd8 19. Nd6 fxg3 20.
hxg3 Rb8 21. Bd5 Be7 22. Nxf7 Kf8 23. Bxc6 bxc6 24. Ne5 Rxb2 25. Nxc6 Rxe2 26.
Kf1 Rc2 27. Nxe7 Kxe7 1/2-1/2

[Event "Mechanics' Winter TNM; G/2"]
[Site "San Francisco"]
[Date "2016.02.16"]
[Round "7.2"]
[White "Askin, Michael Christopher"]
[Black "Shaw, Tenzing Will"]
[Result "0-1"]
[WhiteElo "2053"]
[BlackElo "2287"]
[PlyCount "58"]
[EventDate "2016.??.??"]

1. e4 e6 2. d4 d5 3. Nc3 Bb4 4. e5 Ne7 5. a3 Bxc3+ 6. bxc3 c5 7. Qg4 O-O 8. Nf3
Nbc6 9. Bd3 f5 10. exf6 Rxf6 11. Qh5 h6 12. O-O c4 13. Be2 Bd7 14. Re1 Qc7 15.
a4 Raf8 16. Be3 Be8 17. Qh3 Bg6 18. Bd1 Nf5 19. Nh4 Nxh4 20. Qxh4 Qa5 21. Ra3
b5 22. f4 {Diagram #} b4 $1 23. Ra1 bxc3 24. Qf2 Rb8 25. Bc1 Rb2 26. Bxb2 cxb2
27. Rb1 c3 28. Bg4 Be4 29. Qe3 Qb4 0-1

[Event "Mechanics' Winter TNM; G/2"]
[Site "San Francisco"]
[Date "2016.02.09"]
[Round "6.4"]
[White "Askin, Michael Christopher"]
[Black "Wong, Russell"]
[Result "1-0"]
[WhiteElo "2053"]
[BlackElo "2200"]
[PlyCount "43"]
[EventDate "2016.??.??"]

1. e4 Nf6 2. e5 Nd5 3. d4 d6 4. Nf3 Bg4 5. Be2 e6 6. O-O Be7 7. c4 Nb6 8. Nc3
O-O 9. Be3 Nc6 10. exd6 cxd6 11. d5 Bxf3 12. Bxf3 Ne5 13. dxe6 Nxf3+ 14. Qxf3
fxe6 15. Qxb7 Nxc4 16. Qe4 Qc8 17. Rac1 Nxe3 18. Qxe3 Qd7 19. Rfe1 Rf6 20. Nd5
Rg6 21. Rc7 Bg5 22. Rxd7 1-0

[Event "Mechanics' Summer TNM; G/2"]
[Site "San Francisco"]
[Date "2016.05.24"]
[Round "1.21"]
[White "Ayinala, Nihar"]
[Black "Marcus, Joel"]
[Result "0-1"]
[WhiteElo "1227"]
[BlackElo "1913"]
[PlyCount "54"]
[EventDate "2016.??.??"]

1. c4 e6 2. Nc3 Nf6 3. g3 d5 4. cxd5 exd5 5. Bg2 c6 6. e3 Be7 7. Nge2 O-O 8.
O-O Bf5 9. b3 Na6 10. Bb2 Nb4 11. Nd4 Bg6 12. Nde2 Nd3 13. Bc1 Bd6 14. Nd4 Re8
15. Nc2 a5 16. Ne1 Nxc1 17. Qxc1 Qe7 18. a4 Rad8 19. Nf3 Bd3 20. Re1 Nd7 21.
Ne2 Bb4 22. Nf4 Nc5 23. Qb2 Be4 24. Nh5 f6 25. Nf4 Qf7 26. Rad1 g5 27. Ne2 Nd3
0-1

[Event "Mechanics' Winter TNM; G/2"]
[Site "San Francisco"]
[Date "2016.01.05"]
[Round "1.11"]
[White "Ayinala, Sankar"]
[Black "Malykin, Erika"]
[Result "0-1"]
[WhiteElo "1115"]
[BlackElo "1596"]
[PlyCount "48"]
[EventDate "2016.??.??"]

1. c4 e5 2. e3 Nf6 3. Nc3 b6 4. d4 Bb4 5. Bd2 Bxc3 6. Bxc3 Ne4 7. dxe5 Nxc3 8.
bxc3 Bb7 9. Nf3 Qe7 10. Be2 Nc6 11. O-O Nxe5 12. Nxe5 Qxe5 13. Qd4 d6 14. Rad1
Rd8 15. Qxe5+ dxe5 16. Rxd8+ Kxd8 17. Rd1+ Ke7 18. Rb1 Rd8 19. g3 Rd2 20. Bd1
Rxa2 21. c5 Be4 22. Rc1 Rb2 23. cxb6 cxb6 24. Ra1 a5 0-1

[Event "Mechanics' Summer TNM; G/2"]
[Site "San Francisco"]
[Date "2016.06.21"]
[Round "5.17"]
[White "Ayinala, Shree"]
[Black "Hua, Arnold"]
[Result "0-1"]
[WhiteElo "1758"]
[BlackElo "1954"]
[PlyCount "90"]
[EventDate "2016.??.??"]

1. c4 e5 2. Nc3 d6 3. g3 Nf6 4. Bg2 Be7 5. e3 O-O 6. Nge2 Nbd7 7. O-O c6 8. d4
Qc7 9. d5 a6 10. b3 Re8 11. f4 exf4 12. exf4 Nf8 13. h3 Ng6 14. Kh2 Bf8 15. Bb2
Bd7 16. Qd2 c5 17. Nc1 Bf5 18. g4 Bxg4 19. hxg4 Nxg4+ 20. Kg1 Ne3 21. Nd3 Nxf1
22. Rxf1 Nh4 23. Qf2 Nxg2 24. Qxg2 Re3 25. Nf2 f5 26. Kh1 Qe7 27. Qg1 Qf7 28.
Ncd1 Qh5+ 29. Qh2 Qf3+ 30. Qg2 Qxg2+ 31. Kxg2 Re2 32. Kf3 Rae8 33. Nd3 Rd2 34.
N3f2 g6 35. Nh3 h6 36. Nhf2 Bg7 37. Bxg7 Kxg7 38. Nc3 g5 39. Rg1 g4+ 40. Kg2
Rc2 41. Ncd1 Rxa2 42. Kf1 h5 43. Rg3 Kf6 44. Rg2 Ra1 45. Kg1 h4 0-1

[Event "Mechanics' Summer TNM; G/2"]
[Site "San Francisco"]
[Date "2016.05.31"]
[Round "2.13"]
[White "Ayinala, Shree"]
[Black "Maser, Thomas F"]
[Result "1-0"]
[WhiteElo "1758"]
[BlackElo "1985"]
[PlyCount "55"]
[EventDate "2016.??.??"]

1. c4 e6 2. Nc3 Nf6 3. e3 b6 4. Nf3 Bb7 5. Be2 d5 6. cxd5 exd5 7. d4 Bd6 8. O-O
O-O 9. a3 Re8 10. Re1 Nbd7 11. Bd3 c5 12. h3 Rc8 13. Bc2 Bb8 14. Bb3 Qc7 15.
dxc5 Ne5 16. Nxe5 Qxe5 17. f4 Qe6 18. cxb6 Qxb6 19. Ba4 Red8 20. Qb3 d4 21.
Qxb6 axb6 22. exd4 Rxd4 23. Be3 Rd6 24. Rad1 g6 25. Rxd6 Bxd6 26. Bxb6 Bxa3 27.
bxa3 Rxc3 28. Bd4 1-0

[Event "Mechanics' Winter TNM; G/2"]
[Site "San Francisco"]
[Date "2016.01.05"]
[Round "1.2"]
[White "Ayinala, Shree"]
[Black "Shaw, Tenzing Will"]
[Result "0-1"]
[WhiteElo "1671"]
[BlackElo "2287"]
[PlyCount "60"]
[EventDate "2016.??.??"]

1. c4 c6 2. Nc3 d5 3. cxd5 cxd5 4. e3 Nc6 5. Nge2 Nf6 6. g3 e5 7. d4 e4 8. Bg2
h5 9. h4 Bg4 10. O-O Qd7 11. a3 Bd6 12. Qe1 Bf3 13. Nf4 O-O-O 14. Bh3 Bg4 15.
Bxg4 hxg4 16. Qd1 Qf5 17. Nce2 g5 18. Ng2 gxh4 19. Nxh4 Qg5 20. Kg2 Ne7 21.
Qc2+ Kb8 22. Nf4 Ng6 23. Nhxg6 fxg6 24. Bd2 Qf5 25. Ba5 Rc8 26. Qb3 g5 27. Rh1
gxf4 28. exf4 Rh3 29. Bd2 Bxf4 30. Bxf4+ Qxf4 0-1

[Event "Mechanics' Summer TNM; G/2"]
[Site "San Francisco"]
[Date "2016.06.21"]
[Round "5.27"]
[White "Babayan, Gagik"]
[Black "Bannan, Frank"]
[Result "1-0"]
[WhiteElo "1861"]
[BlackElo "1935"]
[PlyCount "59"]
[EventDate "2016.??.??"]

1. e4 e5 2. Nf3 Nf6 3. d4 Be7 4. dxe5 Nxe4 5. Bd3 Nc5 6. Bc4 O-O 7. O-O Nc6 8.
c3 Ne6 9. Nbd2 d6 10. exd6 Bxd6 11. Ne4 Be7 12. Qc2 a6 13. Rd1 Qe8 14. Be3 h6
15. b4 Bd7 16. Ng3 Bf6 17. Rab1 Rd8 18. Nh5 Be7 19. a3 Bc8 20. Rxd8 Qxd8 21.
Rd1 Qe8 22. h3 Bd6 23. Bxe6 Bxe6 24. Bxh6 f5 25. Nxg7 Qg6 26. Nxe6 Re8 27. Bf4
Rxe6 28. Bxd6 cxd6 29. Nh4 Qg5 30. Nxf5 1-0

[Event "Mechanics' Summer TNM; G/2"]
[Site "San Francisco"]
[Date "2016.05.24"]
[Round "1.26"]
[White "Babayan, Gagik"]
[Black "Boldi, Nicholas Ar"]
[Result "1-0"]
[WhiteElo "1861"]
[BlackElo "1005"]
[PlyCount "59"]
[EventDate "2016.??.??"]

1. e4 e6 2. d4 d5 3. Nc3 Bb4 4. e5 c5 5. a3 Ba5 6. b4 cxb4 7. Nb5 bxa3+ 8. c3
Bc7 9. Bxa3 Ne7 10. Bd3 Nf5 11. h4 Nxh4 $2 {Diagram [#]} 12. Rxh4 a6 13. Nxc7+
Qxc7 14. Ne2 Qd8 15. Rh1 Nc6 16. f4 Qa5 17. Qb3 Qc7 18. Bd6 Qd7 19. g4 Qd8 20.
c4 Na5 21. Qa4+ Nc6 22. Rb1 Bd7 23. Qb3 Ra7 24. Qb6 Qxb6 25. Rxb6 dxc4 26. Bxc4
Na5 27. Bd3 g6 28. Kd2 Bc6 29. Ra1 Be4 30. Rxa5 {and White soon won.} 1-0

[Event "Mechanics' Spring TNM; G/2"]
[Site "San Francisco"]
[Date "2016.04.12"]
[Round "5.26"]
[White "Babayan, Gagik"]
[Black "Casares Jr, Nick"]
[Result "1-0"]
[WhiteElo "1833"]
[BlackElo "1604"]
[PlyCount "67"]
[EventDate "2016.??.??"]

1. e4 e5 2. Nf3 Nc6 3. Bb5 a6 4. Ba4 Nf6 5. O-O b5 6. Bb3 Be7 7. Re1 O-O 8. c3
d5 9. exd5 Nxd5 10. Nxe5 Nxe5 11. Rxe5 c6 12. Bxd5 cxd5 13. g3 Be6 14. d4 Bd6
15. Re1 Qd7 16. Be3 Rae8 17. Nd2 Bg4 18. f3 Bh3 19. Qe2 f5 20. f4 g5 21. Qd3
gxf4 22. Bxf4 Bxf4 23. gxf4 Qg7+ 24. Qg3 Bg4 25. Kf2 Kh8 26. h3 Bxh3 27. Qxh3
Qc7 28. Re5 Rxe5 29. dxe5 Qc5+ 30. Qe3 Qe7 31. Nf3 Rg8 32. Rg1 Rc8 33. e6 Rc4
34. Qe5+ 1-0

[Event "Mechanics' Winter TNM; G/2"]
[Site "San Francisco"]
[Date "2016.01.12"]
[Round "2.5"]
[White "Babayan, Gagik"]
[Black "Doyle, Bryon"]
[Result "1-0"]
[WhiteElo "1833"]
[BlackElo "2203"]
[PlyCount "81"]
[EventDate "2016.??.??"]

1. e4 e5 2. Nf3 Nc6 3. Bb5 a6 4. Ba4 Nf6 5. O-O Be7 6. Re1 b5 7. Bb3 O-O 8. c3
d5 9. exd5 Nxd5 10. Nxe5 Nxe5 11. Rxe5 c6 12. Bxd5 cxd5 13. d4 Bd6 14. Re1 Qh4
15. g3 Qh3 16. Qf3 Bf5 17. Qg2 Qh5 18. f3 Rae8 19. Be3 Bh3 20. Qf2 f5 21. f4 g5
22. Nd2 gxf4 23. Bxf4 Bxf4 24. Qxf4 Re2 25. Rxe2 Qxe2 26. Qf2 Re8 27. Nf3 Qc4
28. Ne5 Qc7 29. Qe3 Qg7 30. Re1 Rf8 31. Qf4 Re8 32. Kf2 Re6 33. Qh4 Qh6 34.
Qd8+ Kg7 35. Qxd5 f4 36. Qd7+ Kg8 37. Qf7+ Kh8 38. Qxf4 Qf6 39. Nf7+ Kg7 40.
Rxe6 Qxe6 41. Ng5 1-0

[Event "Mechanics' Summer TNM; G/2"]
[Site "San Francisco"]
[Date "2016.06.07"]
[Round "3.25"]
[White "Babayan, Gagik"]
[Black "Erickson, Lane Austin"]
[Result "0-1"]
[WhiteElo "1861"]
[BlackElo "1462"]
[PlyCount "42"]
[EventDate "2016.??.??"]

1. e4 c6 2. d4 d5 3. Nc3 dxe4 4. Nxe4 Nd7 5. Nf3 Ngf6 6. Nxf6+ Nxf6 7. Bc4 Bf5
8. Nh4 Bg6 9. Nxg6 hxg6 10. Be3 e6 11. f3 Bd6 12. h3 Bg3+ 13. Bf2 Bxf2+ 14.
Kxf2 Nh5 15. g3 Qg5 16. Rg1 O-O-O 17. f4 $2 {Diagram [#]} Nxf4 $3 18. gxf4
Qxf4+ 19. Kg2 Rxh3 $1 20. Kxh3 Rh8+ 21. Kg2 Rh2# 0-1